Rio de Janeiro/Galeão Int. Destinations (Rio de Janeiro, Brazil) - Statistics

General Stats
  • This quiz has been taken 137 times
    85 since last reset
  • The average score is 37 of 54
Answer Stats
Airline Destination % Correct
TAP Air Portugal Lisbon
100%
Air France Paris (Charles de Gaulle)
99%
Aerolíneas Argentinas/Flybondi/Gol Linhas Aéreas Buenos Aires (Aeroparque)
97%
Aerolíneas Argentinas/British Airways/Emirates/Flybondi/Gol Linhas Aéreas/JetSmart Argentina/LATAM Brasil Buenos Aires (Ezeiza)
97%
TAP Air Portugal Porto
97%
Avianca Bogota
94%
British Airways London (Heathrow)
94%
Iberia Madrid
94%
JetSmart Chile/LATAM Brasil/LATAM Chile/Sky Airline Santiago de Chile
94%
LATAM Perú Lima
93%
American Airlines/Delta Air Lines New York (JFK)
93%
American Airlines Miami
91%
KLM Amsterdam
90%
Lufthansa Frankfurt
87%
ITA Airways Rome (Fiumicino)
87%
Delta Air Lines Atlanta
84%
Gol Linhas Aéreas/LATAM Brasil Brasilia
84%
Gol Linhas Aéreas/Voepass Sao Paulo (Congonhas)
84%
Gol Linhas Aéreas/LATAM Brasil Sao Paulo (Guarulhos)
84%
Emirates Dubai (International)
82%
Gol Linhas Aéreas/LATAM Brasil Manaus
82%
Lufthansa Munich
81%
Azul Brazilian Airlines/Gol Linhas Aéreas/LATAM Brasil Salvador da Bahia
79%
Azul Brazilian Airlines/Gol Linhas Aéreas Belo Horizonte (Confins)
78%
Azul Brazilian Airlines/Gol Linhas Aéreas/LATAM Brasil Recife
78%
Copa Airlines Panama City (Tocumen)
76%
United Airlines Houston (Intercontinental)
75%
Gol Linhas Aéreas Belem
74%
American Airlines Dallas/Fort Worth
74%
Aerolíneas Argentinas/Gol Linhas Aéreas Cordoba (AR)
72%
Gol Linhas Aéreas/Sky Airline Montevideo
72%
Paranair Asuncion
71%
Gol Linhas Aéreas/LATAM Brasil Fortaleza
71%
Azul Brazilian Airlines/Gol Linhas Aéreas/LATAM Brasil Porto Alegre
68%
Gol Linhas Aéreas/LATAM Brasil Florianopolis
62%
Azul Brazilian Airlines/Gol Linhas Aéreas Curitiba
59%
Gol Linhas Aéreas Natal
57%
Gol Linhas Aéreas Goiania
53%
Aerolíneas Argentinas Mendoza
53%
Aerolíneas Argentinas/Gol Linhas Aéreas Rosario
50%
Gol Linhas Aéreas/LATAM Brasil Sao Luis
49%
Azul Brazilian Airlines/Gol Linhas Aéreas Campinas
47%
Gol Linhas Aéreas/LATAM Brasil Vitoria
47%
Gol Linhas Aéreas Cuiaba
44%
Azul Brazilian Airlines/Gol Linhas Aéreas Maceio
44%
Gol Linhas Aéreas Aracaju
41%
Gol Linhas Aéreas/LATAM Brasil Joao Pessoa
40%
Gol Linhas Aéreas Campo Grande
38%
Gol Linhas Aéreas/LATAM Brasil Foz do Iguacu
34%
Azul Brazilian Airlines/Gol Linhas Aéreas/LATAM Brasil Porto Seguro
26%
Gol Linhas Aéreas Navegantes
24%
Gol Linhas Aéreas/LATAM Brasil Caxias do Sul
19%
Azul Brazilian Airlines Campina Grande
15%
Gol Linhas Aéreas Sao Jose dos Campos
15%
No matching quizzes found
Score Distribution
Percent of People with Each Score
Percentile by Number Answered
Your Score History
You have not taken this quiz since the last reset